[Event "DRUGA LIGA SRBIJE-GRUPA VOJVODINA 2016"]
[Site "Kac"]
[Date "2016.11.17"]
[Round "4.5"]
[White "Rajin, Milan"]
[Black "Zegarac, Vuk"]
[Result "0-1"]
[WhiteElo "1995"]
[BlackElo "2233"]
[PlyCount "84"]
[EventDate "2016.11.15"]

1. d4 e5 2. c3 e4 3. h4 d5 4. Bf4 Nf6 5. Qb3 Bd6 6. Bg5 c6 7. Na3 h6 8. Be3 a5
9. Nh3 O-O 10. Bf4 b5 11. Nb1 Re8 12. Qc2 Bxh3 13. Bxd6 Bxg2 14. Bxg2 Qxd6 15.
e3 Nbd7 16. h5 b4 17. Nd2 c5 18. Nf1 bxc3 19. bxc3 cxd4 20. cxd4 Rec8 21. Qd2
Qb4 22. Ng3 Rab8 23. Qxb4 Rxb4 24. O-O Rc2 25. Bh3 Rbb2 26. a3 Nb6 27. Rab1 Nc4
28. Rxb2 Rxb2 29. Ra1 g6 30. Bf1 Nd2 31. a4 gxh5 32. Rc1 h4 33. Nf5 Nf3+ 34.
Kg2 Ng4 35. Rc8+ Kh7 36. Kh3 Nxf2+ 37. Kg2 Ng4+ 38. Kh3 h5 39. Bg2 Ng1+ 40.
Kxh4 Rxg2 41. Rc6 Nf3+ 42. Kxh5 Nf6+ 0-1

[Event "DRUGA LIGA SRBIJE-GRUPA VOJVODINA 2016"]
[Site "Kac"]
[Date "2016.11.17"]
[Round "4.5"]
[White "Moldovanovic, Dragan"]
[Black "Miracola, Giorgia"]
[Result "0-1"]
[WhiteElo "2005"]
[BlackElo "1894"]
[PlyCount "76"]
[EventDate "2016.11.15"]

1. d4 Nf6 2. c4 g6 3. Nf3 Bg7 4. Nc3 d5 5. Bg5 Ne4 6. e3 Nxg5 7. Nxg5 O-O 8.
Nf3 dxc4 9. Bxc4 c5 10. O-O Nc6 11. d5 Na5 12. Be2 b6 13. e4 e5 14. Qc2 Nb7 15.
Nb5 a6 16. Na3 f5 17. Rad1 fxe4 18. Qxe4 Bf5 19. Qh4 Bf6 20. Qg3 e4 21. Ne5 b5
22. f4 exf3 23. Nc6 fxe2 24. Nxd8 exd1=Q 25. Rxd1 Raxd8 26. h3 Nd6 27. Qb3 Rfe8
28. Rf1 Bd4+ 29. Kh1 Re3 30. Qd1 Ne4 31. Rf3 Ng3+ 32. Kh2 Rde8 33. Rxe3 Rxe3
34. Nc2 Bxc2 35. Qxc2 Ne4 36. Qc1 Be5+ 37. Kg1 Re2 38. a4 Bg3 0-1

[Event "DRUGA LIGA SRBIJE-GRUPA VOJVODINA 2016"]
[Site "Kac"]
[Date "2016.11.17"]
[Round "4.6"]
[White "Czebe, Attila"]
[Black "Somborski, Nebojsa"]
[Result "1/2-1/2"]
[WhiteElo "2482"]
[BlackElo "2327"]
[PlyCount "78"]
[EventDate "2016.11.15"]

1. Nf3 d5 2. g3 Nf6 3. Bg2 e6 4. O-O Be7 5. d3 O-O 6. Nbd2 Nc6 7. c3 a5 8. e4
dxe4 9. dxe4 e5 10. Qc2 Bg4 11. Nc4 Bxf3 12. Bxf3 Bc5 13. Ne3 Ne7 14. Ng2 Ra6
15. Be2 Rc6 16. h3 Ng6 17. Kh2 h5 18. Bg5 Ng4+ 19. hxg4 Qxg5 20. gxh5 Ne7 21.
f4 exf4 22. gxf4 Qh6 23. e5 g6 24. Bf3 Nf5 25. Qe2 Rb6 26. Rab1 Ne3 27. Rh1
Nxg2 28. Kxg2 Qxf4 29. Rh3 Rd8 30. Kh1 Qf5 31. Qf1 Rd2 32. Bg2 Rf2 33. Qd1
Rbxb2 34. Qd8+ Bf8 35. Rxb2 Rxb2 36. hxg6 Rb1+ 37. Kh2 Qxe5+ 38. Rg3 Qh5+ 39.
Rh3 Qe5+ 1/2-1/2

[Event "DRUGA LIGA SRBIJE-GRUPA VOJVODINA 2016"]
[Site "Kac"]
[Date "2016.11.17"]
[Round "4.6"]
[White "Strbac, Mladen"]
[Black "Bulajic, Ratko"]
[Result "1/2-1/2"]
[WhiteElo "2318"]
[BlackElo "2331"]
[PlyCount "25"]
[EventDate "2016.11.15"]

1. e4 c5 2. d4 cxd4 3. c3 dxc3 4. Nxc3 a6 5. Bc4 e6 6. Nf3 b5 7. Bb3 d6 8. O-O
Nc6 9. Qe2 Ra7 10. Be3 Rd7 11. Nxb5 axb5 12. Qxb5 Nge7 13. Ba4 1/2-1/2

[Event "DRUGA LIGA SRBIJE-GRUPA VOJVODINA 2016"]
[Site "Kac"]
[Date "2016.11.17"]
[Round "4.6"]
[White "Tancik, Kristijan"]
[Black "Todorovic, Nenad I"]
[Result "1-0"]
[WhiteElo "2289"]
[BlackElo "2249"]
[PlyCount "39"]
[EventDate "2016.11.15"]

1. d4 Nf6 2. c4 e6 3. Nf3 b6 4. g3 Ba6 5. Qc2 Bb7 6. Bg2 c5 7. d5 exd5 8. cxd5
Bxd5 9. Nc3 Bb7 10. O-O d5 11. Rd1 Qc8 12. Bg5 Nbd7 13. Bh3 d4 14. Bxf6 gxf6
15. Nxd4 cxd4 16. Rxd4 Bc6 17. Rad1 Bc5 18. Bxd7+ Bxd7 19. Rxd7 Qxd7 20. Qe4+
1-0

[Event "DRUGA LIGA SRBIJE-GRUPA VOJVODINA 2016"]
[Site "Kac"]
[Date "2016.11.17"]
[Round "4.6"]
[White "Perisic, Radivoj"]
[Black "Tokovic, Svetozar"]
[Result "1/2-1/2"]
[WhiteElo "2276"]
[BlackElo "2258"]
[PlyCount "99"]
[EventDate "2016.11.15"]

1. e4 c5 2. Nf3 e6 3. Nc3 Nc6 4. d4 cxd4 5. Nxd4 Qc7 6. Be2 a6 7. a3 Nf6 8. Be3
Be7 9. O-O Ne5 10. f4 Nc4 11. Bxc4 Qxc4 12. e5 Nd5 13. Nxd5 Qxd5 14. Nb3 Qe4
15. Qd2 O-O 16. Bb6 Qc6 17. Qf2 a5 18. Bxa5 f6 19. Qd2 b6 20. Bc3 fxe5 21. Bxe5
Bb7 22. Rad1 d6 23. Bc3 Rac8 24. Rf2 e5 25. Rdf1 Ba6 26. Rd1 Bb7 27. fxe5 Rxf2
28. Qxf2 dxe5 29. Bxe5 Bh4 30. Bg3 Rf8 31. Qe2 Re8 32. Qf2 Rf8 33. Nd4 Rxf2 34.
Nxc6 Rxc2 35. Bxh4 Bxc6 36. Bf2 Rxb2 37. h3 b5 38. Rc1 Be4 39. Rc8+ Kf7 40.
Rc7+ Kg8 41. Rxg7+ Kxg7 42. Bd4+ Kg6 43. Bxb2 h5 44. Kf2 Bd5 45. Bd4 Bc6 46.
Bb6 Bd5 47. Bd8 Bc6 48. g3 Bd7 49. Kg2 Bc6+ 50. Kh2 1/2-1/2

[Event "DRUGA LIGA SRBIJE-GRUPA VOJVODINA 2016"]
[Site "Kac"]
[Date "2016.11.17"]
[Round "4.6"]
[White "Strangar, Zlatko"]
[Black "Vulin, Milorad"]
[Result "1-0"]
[WhiteElo "2223"]
[BlackElo "2044"]
[PlyCount "53"]
[EventDate "2016.11.15"]

1. e4 c5 2. Nf3 d6 3. d4 cxd4 4. Nxd4 g6 5. Nc3 Nf6 6. Be3 Bg7 7. f3 O-O 8. Bc4
Nc6 9. Qd2 Bd7 10. Bb3 a6 11. O-O-O Rc8 12. h4 Na5 13. Bh6 Nc4 14. Bxc4 Rxc4
15. Bxg7 Kxg7 16. h5 Rh8 17. h6+ Kf8 18. g4 Rg8 19. g5 Ne8 20. Rhe1 e5 21. Nde2
f6 22. f4 Bc6 23. fxe5 fxe5 24. Rf1+ Ke7 25. Nd5+ Ke6 26. Qd3 Qxg5+ 27. Ndf4+
1-0

[Event "DRUGA LIGA SRBIJE-GRUPA VOJVODINA 2016"]
[Site "Kac"]
[Date "2016.11.17"]
[Round "4.6"]
[White "Brajic, Djordje"]
[Black "Ivanovic, Miroslav"]
[Result "1/2-1/2"]
[WhiteElo "2243"]
[BlackElo "2067"]
[PlyCount "110"]
[EventDate "2016.11.15"]

1. e4 e6 2. d4 c5 3. Nf3 cxd4 4. Nxd4 Nf6 5. Nc3 d6 6. Be2 Be7 7. Be3 O-O 8. g4
d5 9. exd5 Nxd5 10. Nxd5 exd5 11. Qd2 Nc6 12. O-O-O Nxd4 13. Bxd4 Bf6 14. f4
Bd7 15. Bc5 Re8 16. g5 Be7 17. Bd4 Bd6 18. Bd3 Qc7 19. Rdf1 Bh3 20. Bxh7+ Kxh7
21. Qd3+ Kg8 22. Qxh3 Bxf4+ 23. Kb1 Be5 24. Qd3 Bxd4 25. Qxd4 Qe5 26. Qf2 Re7
27. h4 Rae8 28. a3 Qe3 29. Qf5 Qe4 30. h5 Qxf5 31. Rxf5 Re1+ 32. Rxe1 Rxe1+ 33.
Ka2 Rh1 34. g6 fxg6 35. hxg6 Rg1 36. Rxd5 Rxg6 37. Rd7 Rb6 38. b4 g5 39. c4 g4
40. c5 Rg6 41. Rd2 g3 42. Rg2 Kf7 43. Kb3 Rg4 44. Kc3 Ke6 45. Kd3 Kd5 46. Ke3
a5 47. Kf3 Rg7 48. bxa5 Kxc5 49. Rb2 g2 50. Rxg2 Rxg2 51. Kxg2 Kb5 52. Kf3 Kxa5
53. Ke4 Ka4 54. Kd4 Kxa3 55. Kc5 Ka4 1/2-1/2